| 000 | 00706nam a2200253 a 4500 | ||
|---|---|---|---|
| 001 | BRL_1457 | ||
| 005 | 20190320211221.0 | ||
| 008 | 150114s1972----enko######---#001-0#eng-# | ||
| 020 | _a023617679X | ||
| 041 | _aeng | ||
| 044 | _aenk | ||
| 050 | 4 |
_aGT1747 _b.L66 1972 |
|
| 100 | 1 |
_aLommel, Andreas _926979 |
|
| 245 | 1 | 0 |
_aMasks _btheir meaning and function _cAndreas Lommel ; translated by Nadia Fowler. |
| 260 |
_aLondon _bPaul Elek Books _c1972 |
||
| 300 |
_a227 p. _bil., fotografías _c29 cm. |
||
| 500 | _aAu1800 | ||
| 500 | _aIncluye índice | ||
| 504 | _aBibliografía: p. 223-226. | ||
| 650 | 1 | 4 |
_aMáscaras _918335 |
| 700 | 1 |
_aFowler, Nadia _etr. _926980 |
|
| 902 | _aGRL | ||
| 942 |
_2lcc _cB |
||
| 999 |
_c10267 _d10267 |
||